| 000 | 01324nam a22002417a 4500 | ||
|---|---|---|---|
| 999 |
_c22056 _d22056 |
||
| 003 | AR-CdUCM | ||
| 008 | 190425b ||||| |||| 00| 0 spa d | ||
| 040 |
_aMUNICIPALIDAD PROVINCIAL DEL CUSCO _cBIBLIOTECA MUNICIPAL DEL CUSCO |
||
| 082 | _aPast.Andina/N°17/1976 | ||
| 110 |
_aInstituto de Pastoral Andina _912766 |
||
| 245 |
_aPastoral Andina / _cInstituto de Pastoral Andina |
||
| 260 |
_aCusco : _bInstituto de Pastoral Andina, _bImprenta Prelatura de Sicuani, _c1976. |
||
| 300 |
_a43 páginas. : _c21 cm. |
||
| 440 |
_aBoletín bimestral del Instituto de Pastoral Andina Cusco. _nN°17, junio 1976. _947311 |
||
| 505 | _aContenido: Reflexión cristina con motivo del día del trabajo. Comisión Episcopal de Acción Social. -- Construir el Reino es ser Iglesia. Equipo de Belén Huarocondo. -- Temer a Dios e intentar al futuro. Juan Bautista Lassegue. -- Un indio acusador de extorsiones. José Dammert Bellido. -- La fiesta de Santa Cruz entre los Aymaras. Instituto de Estudios Aymaras. -- La acción pastoral en Caylloma durante 1975. Equipo Pastoral de Caylloma. | ||
| 650 |
_aCatolicismo _92175 |
||
| 650 |
_aEvangelización católica _947304 |
||
| 650 |
_aReligión católica _947305 |
||
| 650 |
_aReligiosidad andina _944127 |
||
| 700 |
_aDammert Bellido, José _946191 |
||
| 942 |
_2ddc _cPP |
||
| 945 | _arac | ||